| 000 | 01374nam2a2200229 4500 | ||
|---|---|---|---|
| 001 | rc\2968731 | ||
| 005 | 20260315061544.0 | ||
| 035 | _a(NLR Aleph) 007115006 | ||
| 090 |
_a13607230 _c13607230 |
||
| 100 | _a20110906d1939 u y0rusy50 ca | ||
| 101 | 0 | _arus | |
| 102 | _aRU | ||
| 105 | _ay z ||||| | ||
| 200 | 1 | _aСистема разработки с креплением квадратными окладами и закладкой на иностранных рудниках | |
| 210 | _d1939 | ||
| 461 | 0 |
_1001rc\2968730 _12001#$a[Издания]$e[Сб. 3]-$fНаркомцветмет СССР. Отраслевое бюро техн. информации Главмеди, Главмедьруды и Главцинксвинца при Гипроцветмете$v[Сб. 3] _96805459 _a"Гипроцветмет", институт (Москва). Отраслевое бюро технической информации _cМосква _d1939 _fНаркомцветмет СССР. Отраслевое бюро техн. информации Главмеди, Главмедьруды и Главцинксвинца при Гипроцветмете _nБ. и. _o[Сб. 3]- _t[Издания] _v[Сб. 3] |
|
| 700 | 1 |
_aБанкетов _bА.К. |
|
| 801 | 0 |
_aRU _bNLR _gpsbo |
|
| 801 | 1 |
_aRU _bELAR _2rusmarc |
|
| 852 |
_aNLR _j39-20/65 |
||
| 942 | _cUNSPEC | ||
| 980 | _aNB | ||